Detalles MARC
| 000 -CABECERA |
| campo de control de longitud fija |
02024nam a22003017a 4500 |
| 003 - IDENTIFICADOR DEL NÚMERO DE CONTROL |
| campo de control |
DO-SdBPM |
| 005 - FECHA Y HORA DE LA ÚLTIMA TRANSACCIÓN |
| campo de control |
20251028141153.0 |
| 007 - CAMPO FIJO DE DESCRIPCIÓN FÍSICA--INFORMACIÓN GENERAL |
| campo de control de longitud fija |
ta |
| 008 - DATOS DE LONGITUD FIJA--INFORMACIÓN GENERAL |
| campo de control de longitud fija |
210510b2018 dr | 00| 0 spa d |
| 020 ## - NÚMERO INTERNACIONAL ESTÁNDAR DEL LIBRO |
| Número Internacional Estándar del Libro |
9789945912357 |
| 040 ## - FUENTE DE LA CATALOGACIÓN |
| Centro catalogador/agencia de origen |
DO-SdBPM |
| Lengua de catalogación |
spa, |
| Centro/agencia transcriptor |
BPMSU |
| Normas de descripción |
rda |
| 082 #4 - NÚMERO DE LA CLASIFICACIÓN DECIMAL DEWEY |
| Número de clasificación |
RD862.44 |
| Número de documento/Ítem |
G216e 2018 |
| Número de edición |
22 |
| 100 1# - ENTRADA PRINCIPAL--NOMBRE DE PERSONA |
| Nombre de persona |
García Guerra Iván |
| Término indicativo de función/relación |
autor |
| Fechas asociadas al nombre |
1938 - |
| 245 10 - MENCIÓN DE TÍTULO |
| Título |
En torno a la libertad / |
| Mención de responsabilidad, etc. |
Iván García Guerra; corrección y cuidado de edición Piero Espinal Estévez. |
| 264 ## - PRODUCCIÓN, PUBLICACIÓN, DISTRIBUCIÓN, FABRICACIÓN Y COPYRIGHT |
| Producción, publicación, distribución, fabricación y copyright |
Santo Domingo : |
| Nombre del de productor, editor, distribuidor, fabricante |
Editora Opus, |
| Fecha de producción, publicación, distribución, fabricación o copyright |
2018 |
| 300 ## - DESCRIPCIÓN FÍSICA |
| Extensión |
547 páginas , |
| Otras características físicas |
ilustraciones, fotos |
| Dimensiones |
23 cm |
| 336 ## - TIPO DE CONTENIDO |
| Término de tipo de contenido |
texto |
| Código de tipo de contenido |
txt |
| Fuente |
rdacontent |
| 337 ## - TIPO DE MEDIO |
| Nombre/término del tipo de medio |
sin mediación |
| Código del tipo de medio |
n |
| Fuente |
rdamedia |
| 338 ## - TIPO DE SOPORTE |
| Nombre/término del tipo de soporte |
volumen |
| Código del tipo de soporte |
nc |
| Fuente |
rdacarrier |
| 500 ## - NOTA GENERAL |
| Especificación de materiales |
Incluyes datos del biográfico autor en la solapa de la cubierta |
| 505 0# - NOTA DE CONTENIDO CON FORMATO |
| Nota de contenido con formato |
Mi prólogo, 11.-- Doce años de lucha. El hombre de barro, 19.-- Proceso por la sombra de un burro, 53.-- Un héroe más para la mitología, 89.-- Grecia en dominicana. Andrómaca, 163.-- Soberbia, 191.-- Colaborando. Volaremos hacia el sol, 211.-- Romance criollo, 217.-- Alba de Patria, 253.-- Luchando. Carta al tirano, 265.-- Epílogo, 289.-- Retratos de una guerra. Vivir, buena razón, 317.-- Un azul imposible, 379.-- Memorias de abril. Regalo, 401.-- Cada cual lucha a su manera, 409.-- Eres un hombre, hijo, 419.-- ¿Qué tiene de malo?, 427.-- Interferencia, 435.-- Derecho a vivir, 443.-- ¡Las cosas no son así!, 451.-- Más retratos. El muerto dieciocho, 461.-- Padrenuestro, 469.-- Unos tragos lo resuelven todo, 477.-- La esposa de agosto, 485.-- El ayer de un palomo, 493.-- En esos momentos no me podía pasar nada malo, 503.-- ¿Valio la pena?. Trilogía del perenne sacrificio o travesía de un río hacia el olvido, 511.-- Muriendo, 513.-- Remuriendo, 527.-- Quizás nunca vivió, 538. |
| 590 ## - NOTA LOCAL (RLIN) |
| Nota local |
Inventariado,2025/VM |
| 650 #7 - PUNTO DE ACCESO ADICIONAL DE MATERIA--TÉRMINO DE MATERIA |
| Término de materia o nombre geográfico como elemento de entrada |
Teatro dominicana |
| 650 #7 - PUNTO DE ACCESO ADICIONAL DE MATERIA--TÉRMINO DE MATERIA |
| Término de materia o nombre geográfico como elemento de entrada |
Dramaturgia. |
| 650 #7 - PUNTO DE ACCESO ADICIONAL DE MATERIA--TÉRMINO DE MATERIA |
| Término de materia o nombre geográfico como elemento de entrada |
Litertura dominicana |
| 910 ## - DATOS DE OPCIÓN DEL USUARIO (OCLC) |
| Datos de opción del usuario |
VMateo V. Control de calidad. BPMSU |
| 942 ## - ELEMENTOS DE PUNTO DE ACCESO ADICIONAL (KOHA) |
| Fuente del sistema de clasificación o colocación |
Dewey Decimal Classification |
| Tipo de ítem Koha |
Libros |